| 000 | 00356nam a22001337a 4500 | ||
|---|---|---|---|
| 003 | SGT | ||
| 020 | _a9789280811216 | ||
| 082 |
_a363.3493 _bHOF |
||
| 100 | _aHOFER THOMAS | ||
| 245 |
_aFLOODS IN BANGLADESH _bHISTORY DYNAMICS AND RETHINKING THE ROLE OF THE HIMALAYAS |
||
| 260 |
_aJAPAN _bUNITED NATION UNIVERSITY _c2006 |
||
| 300 | _a468 | ||
| 942 |
_2ddc _cBK |
||
| 999 |
_c33602 _d33602 |
||